Використання мультимедійних засобів для навчання діалогічного мовлення на уроках з англійської мови (Запис № 285336)
[ простий вигляд ]
| 000 -LEADER | |
|---|---|
| fixed length control field | 02312nam a22001577a 4500 |
| 041 ## - LANGUAGE CODE | |
| Language code of text/sound track or separate title | ukr |
| 080 ## - UNIVERSAL DECIMAL CLASSIFICATION NUMBER | |
| Universal Decimal Classification number | 09 |
| 090 ## - LOCALLY ASSIGNED LC-TYPE CALL NUMBER (OCLC); LOCAL CALL NUMBER (OCLC) | |
| Local cutter number (OCLC) ; Book number/undivided call number, CALL (RLIN) | ФУР |
| 100 ## - MAIN ENTRY--PERSONAL NAME | |
| Personal name | Фурсович, Ю. О. |
| 245 ## - TITLE STATEMENT | |
| Title | Використання мультимедійних засобів для навчання діалогічного мовлення на уроках з англійської мови |
| 260 ## - PUBLICATION, DISTRIBUTION, ETC. (IMPRINT) | |
| Place of publication, distribution, etc | Острог |
| Name of publisher, distributor, etc | КАФ |
| Date of publication, distribution, etc | 2013 |
| 300 ## - PHYSICAL DESCRIPTION | |
| Extent | 69 |
| 520 ## - SUMMARY, ETC. | |
| Summary, etc | Вступ.<br/>Розділ І. Теоретичний аналіз проблеми використання ІКТ в освітньому процесі.<br/>1.1. Використання сучасних інформаційно-комунікаційнихтехнологій при вивченні іноземних мов<br/>1.2. Класифікація мультимедійних засобів навчання<br/>Розділ ІІ. Використання мультимедійних засобів у процесі навчання англійської мови.<br/>2.1. Аналіз ефективності застосування мультимедійних засобів навчання на уроках англійської мови<br/>2.2. Використання інтерактивної дошки при розвитку діалогічних вмінь на уроці англійської мови<br/>2.3. Використання мульти медійних презентацій для навчання діалогічного мовлення на уроках англійської мови<br/>Розділ ІІІ. Використання мультимедійних засобів у навчанні діалогічного мовлення на уроках англійської мови.<br/>3.1. Діалогічне мовлення на уроках англійської мови: проблеми та перспективи<br/>3.2. Фрагмент уроку<br/>Розділ IV. Охорона праці. Комплекс заходів щодо захисту від статичної електрики<br/>Висновки.<br/>Список використаної літератури.<br/>Додатки. |
| -- | мультимедійні засоби, діалогічне мовлення |
| 650 ## - SUBJECT ADDED ENTRY--TOPICAL TERM | |
| Topical term or geographic name as entry element | Research Papers |
| 942 ## - ADDED ENTRY ELEMENTS (KOHA) | |
| Koha item type | Книги |
| Withdrawn status | Lost status | Source of classification or shelving scheme | Damaged status | Not for loan | Home library | Current library | Date acquired | Source of acquisition | Cost, normal purchase price | Total Checkouts | Full call number | Barcode | Date last seen | Price effective from | Koha item type |
|---|---|---|---|---|---|---|---|---|---|---|---|---|---|---|---|
| Universal Decimal Classification | ВІЛ - Відділ іноземн. літератури НБ | ВІЛ - Відділ іноземн. літератури НБ | 12/06/2013 | Акт №7 | 1.00 | 09 | 215320 | 09/11/2021 | 12/06/2013 | Книги |